Una escalera al cielo / (Registro nro. 15846)
[ vista simple ]
| 000 -LEADER | |
|---|---|
| fixed length control field | 01653nam a22002537a 4500 |
| 003 - CONTROL NUMBER IDENTIFIER | |
| control field | OSt |
| 005 - DATE AND TIME OF LATEST TRANSACTION | |
| control field | 20250416092901.0 |
| 008 - FIXED-LENGTH DATA ELEMENTS--GENERAL INFORMATION | |
| fixed length control field | 220323s2019 ck ||||er|||| 00| f spa d |
| 020 ## - INTERNATIONAL STANDARD BOOK NUMBER | |
| International Standard Book Number | 9789584239440 |
| 040 ## - CATALOGING SOURCE | |
| Original cataloging agency | CO-JMCR |
| Transcribing agency | CO-JMCR |
| 041 0# - LANGUAGE CODE | |
| Language code of text/sound track or separate title | spa |
| 082 04 - DEWEY DECIMAL CLASSIFICATION NUMBER | |
| Classification number | A-N |
| Item number | MENu |
| 100 1# - MAIN ENTRY--PERSONAL NAME | |
| Personal name | Mendoza, Mario, |
| Relator term | autor |
| 9 (RLIN) | 172 |
| 245 10 - TITLE STATEMENT | |
| Title | Una escalera al cielo / |
| Statement of responsibility, etc. | Mario Mendoza |
| 250 ## - EDITION STATEMENT | |
| Edition statement | Novena edición. |
| 260 ## - PUBLICATION, DISTRIBUTION, ETC. | |
| Place of publication, distribution, etc. | Bogotá : |
| Name of publisher, distributor, etc. | Planeta, |
| Date of publication, distribution, etc. | 2019. |
| 300 ## - PHYSICAL DESCRIPTION | |
| Extent | 216 páginas ; |
| Dimensions | 24 cm. |
| 500 ## - GENERAL NOTE | |
| General note | Incluye datos biográficos del autor en solapa posterior. |
| 505 0# - FORMATTED CONTENTS NOTE | |
| Formatted contents note | La fiesta. -- Historia en la habitación 804. -- Salón de belleza al atardecer. -- Una escalera al cielo. -- Ésta es tu noche. -- El mago. -- La revolución. -- La prueba. -- Leonardo Sinisterra. -- El enigma. -- El asesino. -- Cuento de navidad. -- La vorágine. -- El bailarín. -- El segundo aire. |
| 520 3# - SUMMARY, ETC. | |
| Summary, etc. | Un secreto carcome el alma de su poseedor, un personaje encuentra a su autor, en un hombre desilusionado renace la esperanza tras el contacto con la muerte, una mujer en estado de coma conoce el amor, una visión de la muerte desliga a dos amantes... Estas son imágenes instantáneas de la vida de y mujeres atrapados por un destino y una ciudad, especie de condenados que de vez en cuando alcanzan a tomar las riendas de su existencia.<br/>En Una escalera al cielo, Mario Mendoza se reencuentra con el cuento, un género por el cual en 1995 había recibido el Premio Nacional de Literatura del Instituto Distrital de Cultura y Turismo por La travesía del vidente. |
| 650 14 - SUBJECT ADDED ENTRY--TOPICAL TERM | |
| Topical term or geographic name entry element | Novela Colombiana |
| 650 24 - SUBJECT ADDED ENTRY--TOPICAL TERM | |
| Topical term or geographic name entry element | Ficción |
| Geographic subdivision | Colombia |
| 9 (RLIN) | 41993 |
| 942 ## - ADDED ENTRY ELEMENTS (KOHA) | |
| Source of classification or shelving scheme | Dewey Decimal Classification |
| Koha item type | Books |
| Withdrawn status | Lost status | Source of classification or shelving scheme | Damaged status | Not for loan | Home library | Current library | Shelving location | Date acquired | Source of acquisition | Total Checkouts | Total Renewals | Full call number | Barcode | Date due | Date last seen | Date last checked out | Copy number | Price effective from | Koha item type |
|---|---|---|---|---|---|---|---|---|---|---|---|---|---|---|---|---|---|---|---|
| Dewey Decimal Classification | Biblioteca Pública José María del Castillo y Rada | Biblioteca Pública José María del Castillo y Rada | Processing Center | 02/23/2022 | Donación | 18 | 13 | A-N MENu | 201811132 | 05/05/2026 | 04/22/2026 | 04/22/2026 | Ej.1 | 03/23/2022 | Books |